Quizzes
Events
Quiz Creation
Community
Videos
Private Events
Remove Ads
Sign In
Join for FREE
Feedback
Dark Mode
Quiz Categories
Sports
Geography
Music
Movies
Television
Just For Fun
Miscellaneous
History
Literature
Language
Science
Gaming
Entertainment
Religion
Holiday
For Kids
Quiz Lab
Recent
Popular Today
Quiz Kudos Today
Editor Picks
Curator Picks
Quizzes by...
Day
Popularity
Type
Ratings
Length
Year
Community
Subscriptions
Recent Discussions
Orange Saloon
Badges
Playlists
Quests
Create
Leaderboards
Showdown
Live 5
Trivia Bingo
Activity
Puzzle Library
Sporcle Events
Private Events
Virtual Trivia
Globe League
Become a Host
Pub Owners
SporcleCon
Opinionation
Our Games
Videos
Blog
Mobile Apps
Partnerships
Remove Ads and Go Orange
Feedback
Sports
Athletes
MLB
NBA
NHL
NFL
Soccer
Sports Teams
WWE
NCAA
Football
Premier League
Basketball
Baseball
Hockey
Golf
Tennis
Cricket
Rugby
Auto Racing
Olympics
World Cup
Sports
Athletes
MLB
NBA
NHL
NFL
Soccer
Sports Teams
WWE
NCAA
Football
Premier League
Basketball
Baseball
Hockey
Golf
Tennis
Cricket
Rugby
Auto Racing
Olympics
World Cup
Random Quiz
Search Sporcle
×
Quiz Lab
Quiz Lab
Sports
cup
Type in answers that appear in a list
Type in answers that appear in a list
Classic
Best Score? Go Orange.
AHL Calder Cup Champions Stats
Can you name the AHL Calder Cup Champions?
By
Johnny8242
12m
75 Questions
693 Plays
693 Plays
693 Plays
Comments
Comments
Give Quiz Kudos
Give Quiz Kudos
-
- Ratings
hide this ad
Replay
Link that replays current quiz
Next Quiz
Link to next quiz in quiz playlist
You Got
0%
They Got
Avg Score
52%
Avg Friend Score
Upgrade to see
Score Distribution
Jump to the score distribution portion of the page
Score
0/75
Timer
12:00
0
Plays Today
Year
Team
% Correct
1946-
47
Hershey Bears
91.6%
1957-
58
Hershey Bears
91.6%
1958-
59
Hershey Bears
91.6%
1968-
69
Hershey Bears
91.6%
1973-
74
Hershey Bears
91.6%
1979-
80
Hershey Bears
91.6%
1987-
88
Hershey Bears
91.6%
1996-
97
Hershey Bears
91.6%
2005-
06
Hershey Bears
91.6%
2008-
09
Hershey Bears
91.6%
1964-
65
Rochester Americans
76.6%
1965-
66
Rochester Americans
76.6%
1967-
68
Rochester Americans
76.6%
1982-
83
Rochester Americans
76.6%
1986-
87
Rochester Americans
76.6%
1995-
96
Rochester Americans
76.6%
2001-
02
Chicago Wolves
72.2%
2007-
08
Chicago Wolves
72.2%
1997-
98
Philadelphia Phantoms
65.1%
2004-
05
Philadelphia Phantoms
65.1%
2006-
07
Hamilton Bulldogs
64.9%
2009-
10
Hershey Bears
60.6%
1998-
99
Providence Bruins
59.2%
1999-
00
Hartford Wolf Pack
57.4%
2002-
03
Houston Aeros
55.3%
1994-
95
Albany River Rats
54.4%
2003-
04
Milwaukee Admirals
53.7%
1993-
94
Portland Pirates
52.4%
1959-
60
Springfield Indians
52.2%
1960-
61
Springfield Indians
52.2%
1961-
62
Springfield Indians
52.2%
1974-
75
Springfield Indians
52.2%
1989-
90
Springfield Indians
52.2%
1990-
91
Springfield Indians
52.2%
1938-
39
Cleveland Barons
47.9%
1940-
41
Cleveland Barons
47.9%
1944-
45
Cleveland Barons
47.9%
1947-
48
Cleveland Barons
47.9%
Year
Team
% Correct
1950-
51
Cleveland Barons
47.9%
1952-
53
Cleveland Barons
47.9%
1953-
54
Cleveland Barons
47.9%
1956-
57
Cleveland Barons
47.9%
1963-
64
Cleveland Barons
47.9%
1980-
81
Adirondack Red Wings
47.2%
1985-
86
Adirondack Red Wings
47.2%
1988-
89
Adirondack Red Wings
47.2%
1991-
92
Adirondack Red Wings
47.2%
1977-
78
Maine Mariners
39.4%
1978-
79
Maine Mariners
39.4%
1983-
84
Maine Mariners
39.4%
1937-
38
Providence Reds
38.1%
1939-
40
Providence Reds
38.1%
1948-
49
Providence Reds
38.1%
1955-
56
Providence Reds
38.1%
2010-
11
Binghamton Senators
37.8%
1951-
52
Pittsburgh Hornets
34.2%
1954-
55
Pittsburgh Hornets
34.2%
1966-
67
Pittsburgh Hornets
34.2%
2000-
01
Saint John Flames
33.5%
1942-
43
Buffalo Bisons
31.9%
1943-
44
Buffalo Bisons
31.9%
1945-
46
Buffalo Bisons
31.9%
1962-
63
Buffalo Bisons
31.9%
1969-
70
Buffalo Bisons
31.9%
1992-
93
Cape Breton Oilers
31.5%
1936-
37
Syracuse Stars
29.9%
1971-
72
Nova Scotia Voyageurs
29.1%
1975-
76
Nova Scotia Voyageurs
29.1%
1976-
77
Nova Scotia Voyageurs
29.1%
1984-
85
Sherbrooke Canadiens
29%
1972-
73
Cincinnati Swords
20.9%
1981-
82
New Brunswick Hawks
20.9%
1970-
71
Springfield Kings
19.9%
1941-
42
Indianapolis Capitals
18.9%
1949-
50
Indianapolis Capitals
18.9%
Quiz Playlist
Details
Report
Send in Message
Add To Playlist
Classic:
Type in answers that appear in a list
Last Updated: Feb 16, 2017
Quiz Scoreboard
CHALLENGE
Sign Up to Join the Scoreboard
Show All
Scores
Hide
Comments
May contain spoilers
Recently Published
9x9 Crossword: Cartoon Network
by jackfrog10
Miscellaneous
3m
College Basketball Coaching Resumes
by pancakes188
Sports
9m
Billboard Blitz: Fleetwood Mac
by CooCooCachoo
Music
15s
More to Explore
Quiz From the Vault
Featured Blog Post
Where Did the Easter Bunny Come From?
hide this ad
You Might Also Like...
Tags
AHL
AHL Calder
Calder
champion
cup
Cup Championships
team
Today's Top Quizzes in Sports
Browse Sports
hide this ad
Today's Top Quizzes in cup
Browse cup
Top Contributed Quizzes in Sports
1
2022 World Cup Stars
2
Les meilleurs buteurs des matchs entre le PSG et l’OM
3
FIFA Club World Cup Champions
4
Les entraîneurs de l'OM et du PSG au 21e siècle
5
Criteria MLB: Left Handed Sluggers
6
AFC Teams Reveal (Wrong Answers Minefield)
7
2023 MLB Unique Player Accomplishments
8
5-to-1: FBS Animal Nicknames
9
Players with Multiple 50 Home Run Seasons
10
5-to-1: UK Sports Teams
Explore More
Trending Topics
Kpop
NBA
Anime
Crossword
Disney
Marvel
Harry Potter
The Office
Pokémon
Song
NFL
WWE
Country
Puzzle
Soccer
hide this ad
More By:
Johnny8242
Quiz
Plays
Rating
Category
Featured
Created
AHL Calder Cup Champions
693
5.00
Sports
Nov 8, 2009
UFC main Card fighters of 2014
89
Sports
Jun 19, 2015
Fighters who've appeared on UFC Posters in 2014
48
Sports
Jan 20, 2014
UFC Stars debut opponents.
35
Sports
Jul 26, 2020
Go to Creator's Profile
Score Distribution
Quiz Creator Spotlight
Johnny8242
Follow
Send a Message
Quizzes Created
-
Created Quiz Play Count
-
More By This Creator
Popular Quizzes Today
1
Find the US States - No Outlines Minefield
2
Find the Countries of Europe - No Outlines Minefield
3
The Countries of the World
4
Find the US States
5
Risky Map Clicking: Biggest States A-Z
6
US States
7
Popular People in 1961
8
Movies - When Are They Set?
More Sports Quizzes
MLB 300 Win Pitchers
Published
Trending Quizzes
Risky Map Clicking: Least Populous States A-Z
1-10 Letter G Words
1-10 Letter F Words
Risky Map Clicking: Next State Alphabetically
Adjectives in 80s TV Shows
Recently Updated
Leaping Animals
pecheneg
Reality TV Shows (A-Z)
bhenderson79
Rickey Henderson's Hall of Fame Teammates
pecheneg
Champions League XIs: Arsenal
pecheneg
Quick Pick: Celebrities in WWE's Hall of Fame
aduchscher
A-Z Keypad Blitz II
pecheneg
Multiple Oscar Actors
pecheneg
Mystery Phrase Blitz: Oscar 'Best Actors'
pecheneg
F. Scott Fitzgerald Novels
LTH
Pick 3 Villains
ddd62291
Trending Topics
NBA
Kpop
Anime
Marvel
Disney
Crossword
Harry Potter
Song
Puzzle
The Office
WWE
Pokémon
NFL
Country
Soccer
Your Account Isn't Verified!
In order to create a playlist on Sporcle, you need to verify the email address you used during registration. Go to your
Sporcle Settings
to finish the process.
Report this User
Report this user for behavior that violates our
Community Guidelines
.
Details:
Send Report
Go to the Sporcle.com Mobile Site →
Comments